000 00480nam a2200181Ia 4500
008 090123s9999 xx 000 0 und d
082 _b888
100 _aमराठे कृ.बा.
245 _aबालकवि
250 _a1
260 _bभागवत वा.पु.
300 _a198
600 _aमराठे कृ.बा.
630 _aबालकवि
700 _aमराठे कृ.बा.
730 _aबालकवि
942 _cBOOK
999 _c38975
_d38975